| 000 | 00606nam a22002297a 4500 | ||
|---|---|---|---|
| 003 | OSt | ||
| 005 | 20140310184333.0 | ||
| 008 | 121112t xxu||||| |||| 00| 0 eng d | ||
| 022 | _29780590452564 | ||
| 050 |
_aPZ 7 _b.St859 2003 |
||
| 100 |
_aStine, R. L. _93762 |
||
| 245 |
_aThirteen : _b13 Tales of Horror by 13 Masters of Horror / _cR. L. Stine; ... et.al. |
||
| 260 |
_aNew York : _bScholastic Inc., _c2003. |
||
| 300 |
_a343 p. : _c17 cm. |
||
| 521 | _aG5 | ||
| 526 | _c710 | ||
| 942 |
_2lcc _cBK-SCHOLAS |
||
| 999 |
_c33696 _d33696 |
||